| 000 | 01513nam a2200277 i 4500 | ||
|---|---|---|---|
| 003 | DO-SdBNP | ||
| 005 | 20240125100132.0 | ||
| 006 | a||||gr|||| 00| 0 | ||
| 007 | ta | ||
| 008 | 230428e1989 dr ||||gr|||| 001 edspa d | ||
| 040 |
_aDO-SdBNP _bspa _cBNPHU _erda |
||
| 082 | 4 |
_222 _bT231a |
|
| 100 | 1 |
_957394 _aTavárez Belliard, Aurora, _d1894-1972 _eautora |
|
| 245 | 1 | 0 |
_aAurora Tavarez Belliard / _cSelección y nota, Julio Jaime Julia. |
| 264 |
_aMoca, República Dominicana : _bComisión Organizadora Permante de la Feria Nacional del Libro, _c1989. |
||
| 300 |
_a59 páginas ; _c20 cm. |
||
| 336 |
_2rdacontent _atexto _btxt |
||
| 337 |
_2rdamedia _asin mediación _bn |
||
| 338 |
_2rdacarrier _avolumen _bnc |
||
| 500 | _aIncluye datos biográficos de la autora en la página 3 | ||
| 500 | _aFeria Municipal "Aurora Tavárez Belliard" | ||
| 505 |
_aDe una Parábola-- _tEl hombre común-- _tEvolución y feminismo-- _tFeminismo y cultura cívica-- _tDe la vieja simiente-- _tEdúcate, hermana-- _tSi eres maestro-- _tMoral rutinaria y moral nueva-- _tEl gobierno del hogar y el gobierno de la escuela-- _tDiscurso-- _tAlrededor de una tradición-- _tEl elogio del olvido.-- _tEl hombre y la bestia-- _tLa filosofía del del ocio-- _tDe la vieja simiente-- _tEl hombre indiferente-- _tLámpara encendida-- _tEl dolor de San Pedro-- _tDesnudez-- _tTalento y vanidad-- _tUna filosofía de la educación dominicana. |
||
| 590 | _aInventariado 2023 / MF | ||
| 700 | 1 |
_4Julia, Julio Jaime, _eselección y notas |
|
| 942 |
_2ddc _cLBS1 |
||
| 999 |
_c53374 _d53374 |
||